<?xml version="1.0" encoding="UTF-8"?>
<collection xmlns="http://www.loc.gov/MARC21/slim">
    <record>
        <controlfield tag="001">65447</controlfield>
        <controlfield tag="005">20180219131714.0</controlfield>
        <datafield tag="037" ind1=" " ind2=" ">
            <subfield code="a">TAZ-TFG-2017-1605</subfield>
        </datafield>
        <datafield tag="041" ind1=" " ind2=" ">
            <subfield code="a">spa</subfield>
        </datafield>
        <datafield tag="100" ind1="1" ind2=" ">
            <subfield code="a">Berlanga Díez, Sergio</subfield>
        </datafield>
        <datafield tag="242" ind1="0" ind2="0">
            <subfield code="a">Spanish General Accounting Plan</subfield>
        </datafield>
        <datafield tag="245" ind1="0" ind2="0">
            <subfield code="a">El Plan General Contable Español</subfield>
        </datafield>
        <datafield tag="260" ind1=" " ind2=" ">
            <subfield code="a">Zaragoza</subfield>
            <subfield code="b">Universidad de Zaragoza</subfield>
            <subfield code="c">2017</subfield>
        </datafield>
        <datafield tag="506" ind1=" " ind2=" ">
            <subfield code="a">by-nc-sa</subfield>
            <subfield code="b">Creative Commons</subfield>
            <subfield code="c">3.0</subfield>
            <subfield code="u">http://creativecommons.org/licenses/by-nc-sa/3.0/</subfield>
        </datafield>
        <datafield tag="520" ind1=" " ind2=" ">
            <subfield code="a">El trabajo de fin de grado trata de la evolución del Plan General Contable Español desde sus primeros inicios con el Plan General de 1973 hasta las últimas modificaciones del año 2016. Abordando los temas más importantes del plan y explicando tanto el porqué de su elaboración, cómo ha afectado a las empresas, que beneficios les aporta, y como ha ido evolucionando adaptándose a los cambios que se han ido realizando tanto a nivel de Europa, que es uno de los agentes que más influye en las modificaciones. También se realiza una breve introducción explicando por encima la contabilidad, y los principios contables que están presente durante todo el proceso evolutivo del Plan General, desde sus inicios hasta el final.</subfield>
        </datafield>
        <datafield tag="521" ind1=" " ind2=" ">
            <subfield code="a">Graduado en Relaciones Laborales y Recursos Humanos</subfield>
        </datafield>
        <datafield tag="540" ind1=" " ind2=" ">
            <subfield code="a">Derechos regulados por licencia Creative Commons</subfield>
        </datafield>
        <datafield tag="700" ind1=" " ind2=" ">
            <subfield code="a">Sanz Santolaria, Carlos Javier</subfield>
            <subfield code="e">dir.</subfield>
        </datafield>
        <datafield tag="710" ind1="2" ind2=" ">
            <subfield code="a">Universidad de Zaragoza</subfield>
            <subfield code="b">Contabilidad y Finanzas</subfield>
            <subfield code="c">Economía Financiera y Contabilidad</subfield>
        </datafield>
        <datafield tag="856" ind1="0" ind2=" ">
            <subfield code="f">628064@celes.unizar.es</subfield>
        </datafield>
        <datafield tag="856" ind1="4" ind2=" ">
            <subfield code="s">1500861</subfield>
            <subfield code="u">http://zaguan.unizar.es/record/65447/files/TAZ-TFG-2017-1605.pdf</subfield>
            <subfield code="y">Memoria (spa)</subfield>
        </datafield>
        <datafield tag="909" ind1="C" ind2="O">
            <subfield code="o">oai:zaguan.unizar.es:65447</subfield>
            <subfield code="p">driver</subfield>
            <subfield code="p">trabajos-fin-grado</subfield>
        </datafield>
        <datafield tag="950" ind1=" " ind2=" ">
            <subfield code="a"></subfield>
        </datafield>
        <datafield tag="951" ind1=" " ind2=" ">
            <subfield code="a">deposita:2018-02-17</subfield>
        </datafield>
        <datafield tag="980" ind1=" " ind2=" ">
            <subfield code="a">TAZ</subfield>
            <subfield code="b">TFG</subfield>
            <subfield code="c">SOCIZ</subfield>
        </datafield>
    </record>

    
</collection>